Η κατανόηση του χώρου από μαθητές Β' Γυμνασίου μέσα από την κατασκευή νοητικών χαρτών διαδρομής από το σπίτι στο σχολείο : μεταπτυχιακή διατριβή

Παραγωγή νοητικού χάρτη από παιδιά Β' Γυμνασίου μέσα από μια συγκεκριμένη διαδρομή από το σπίτι στο σχολείο και η παραγωγή πολυτροπικού λόγου από αυτά. Συγκεκριμένα μέσα από την ποσοτική και ποιοτική ανάλυση των δεδομένων να περιγραφούν οι τρόποι με τους οποίους τα παιδιά της Β' Γυμνασίου...

Πλήρης περιγραφή

Αποθηκεύτηκε σε:
Λεπτομέρειες βιβλιογραφικής εγγραφής
Κύριος συγγραφέας: Μπαντόγια, Αικατερίνη
Συγγραφή απο Οργανισμό/Αρχή: Πανεπιστήμιο Αιγαίου Σχολή Κοινωνικών Επιστημών Τμήμα Γεωγραφίας Μεταπτυχιακό Πρόγραμμα Σπουδών Γεωγραφία και Εφαρμοσμένη Γεωπληροφορική
Μορφή: Thesis Βιβλίο
Γλώσσα:Greek
Δημοσίευση: 2015.
Θέματα:
Διαθέσιμο Online:http://hdl.handle.net/11610/11281
Ετικέτες: Προσθήκη ετικέτας
Δεν υπάρχουν, Καταχωρήστε ετικέτα πρώτοι!

MARC

LEADER 00000cam a2200000 a 4500
001 1/109237
008 151027s2015####gr | ||| |||| ||gre||
040 |a GR-MyUa  |b gre  |c GR-MyUa  |e AACR2 
041 0 |a gre 
082 7 |a 370   |2 (23)  
100 1 |a Μπαντόγια, Αικατερίνη. 
245 1 2 |a Η κατανόηση του χώρου από μαθητές Β' Γυμνασίου μέσα από την κατασκευή νοητικών χαρτών διαδρομής από το σπίτι στο σχολείο :   |b μεταπτυχιακή διατριβή /   |c Μπαντόγια Αικατερίνη ; Κλωνάρη Αικατερίνη, επιβλέπουσα.  
260 |c 2015.  
300 |a 256 σ. :   |b εικ. ;   |c 24 εκ.  
500 |a Εξεταστική επιστοπή: Κλωνάρη Αικατερίνη, Βαίτης Μιχάλης, Κίζος Αθανάσιος.  
502 |a Διατριβή (μεταπτυχιακή) - Πανεπιστήμιο Αιγαίου, Λέσβος, 2015.  
504 |a Περιλαμβάνει βιβλιογραφία και παράρτημα.  
506 0 |a Ηλεκτρονική διάθεση στο πλήρες κείμενο - ελεύθερης πρόσβασης.  
520 8 |a Παραγωγή νοητικού χάρτη από παιδιά Β' Γυμνασίου μέσα από μια συγκεκριμένη διαδρομή από το σπίτι στο σχολείο και η παραγωγή πολυτροπικού λόγου από αυτά. Συγκεκριμένα μέσα από την ποσοτική και ποιοτική ανάλυση των δεδομένων να περιγραφούν οι τρόποι με τους οποίους τα παιδιά της Β' Γυμνασίου κωδικοποιούν την πραγματικότητα σε εικονιστική και συμβολική πληροφορία σε χάρτη καθώς και τι μπορεί να βελτιώσουν ώστε να είναι αποτελεσματικοί παραγωγοί χαρτών.  
540 |a Κλειδωμένη η δυνατότητα αντιγραφής (copy) από το ηλεκτρονικό αρχείο.  
650 0 |a Geographical perception in children. 
650 0 |a Maps in education. 
650 0 |a Perception in children. 
700 1 |a Κλωνάρη, Αικατερίνη,  |e dgs 
710 2 |a Πανεπιστήμιο Αιγαίου  |b Σχολή Κοινωνικών Επιστημών  |b Τμήμα Γεωγραφίας  |b Μεταπτυχιακό Πρόγραμμα Σπουδών Γεωγραφία και Εφαρμοσμένη Γεωπληροφορική. 
852 |a INST  |b LESVOS  |c DIATR  |e 20151027  |h 264  |p 005100057995  |q 005100057995  |t MTXE  |y 23 
856 |u http://hdl.handle.net/11610/11281 
924 |a Μπαντόγια  |b Αικατερίνη  |y Λέσβος  |z 2015-01  
970 |a Τζαφέρη  |b Ευαγγελία  |z 27-10-2015